Statistiques concernant Qui a chanté ? Rap fr

Cliquez ici pour prendre le quiz!

Statistiques générales

  • Ce quiz a été pris 165 fois
  • Le résultat moyen est 9 sur 22

Statistiques - réponses

HintRéponse% Correct
On verraNekfeu
87%
Bolide allemandSDM
79%
La banditeJul
69%
LaboratoireWerenoi
67%
RencontreDisiz
66%
Fenêtre sur rueHugo TSR
59%
BenzemaBrulux
58%
Les menottesL’algérino
50%
Patate de forainSeth gueko
50%
Demain c’est loinCasseurs flowters
43%
AlicanteGambino
42%
Réflexions bassesVald
41%
Qui peut me stopper ?La fouine
40%
Au summum113
34%
GedeonSCH
33%
Le kid est mort404billy
23%
ImpliquéFresh la douille
22%
YukuléléVarnish la Piscine
16%
Dans mon barilletSat l’artificier
13%
FlexPanama bende
10%
CroisièreSadek
10%
Cours F.D.PLartiste
7%

Distribution des résultats

Percentile par nombre de réponses

% des personnes avec chaque résultat

Votre développement - résultats

Vous n’avez pas pris ce quiz